Tax-Wedge of Disadvantaged Population Groups with Emphasis on the Disabled People

Možnosti zvýšenia motivácie zamestnávať ľudí so zdravotným postihnutím kvôli daňovej úľave.

Saved in:
Bibliographic Details
Main Author: Zubaľová, Alena, 1959-
Format: Book Chapter
Language:English
Subjects:
Tags: Add Tag
No Tags, Be the first to tag this record!

MARC

LEADER 00000naa$a2200000$$$4500
001 0249577
005 20240502074007.3
041 0 |a eng 
044 |a SK 
245 1 0 |a Tax-Wedge of Disadvantaged Population Groups with Emphasis on the Disabled People  |c Alena Zubaľová 
520 |a Možnosti zvýšenia motivácie zamestnávať ľudí so zdravotným postihnutím kvôli daňovej úľave. 
610 2 0 |a trh práce 
610 2 0 |a výdavky daňové 
610 2 0 |a úľavy daňové 
610 2 0 |a zamestnanci 
610 2 0 |a dielne chránené 
100 1 |a Zubaľová, Alena, 1959-